00821nam a2200229 i 4500001000700000003000900007005001700016007000300033008004100036100002800077245012400105250001200229260003300241300003000274700002800304700002800332700002900360700003900389852002200428999001900450952012200469108560ES-MaACL20251013193705.0t|061121s1969 sp a |||| | spa d1 aMonlau, Simonne.98222710aDime dónde está / cSimonne Monlau, Georges Monlau ; ilustrada por Philippe Daure, Jacques Poirier, Ismael Balanya. a1ª ed. aBarcelona : bArgos, c1969. a186 p. : bil. ; c28 cm.1 aMonlau, Georges.9822251 aDaure, Philippe.9428321 aPoirier, Jacques.9927641 aBalanyà, Ismael, d1921-9161475 aES-MaACLjC-41015 c108560d108560 00104070aATENEOMbATENEOMcDEPO2d2008-01-17eSCl0oC-41015p1113277r2023-02-23 00:00:00w2023-02-23yMONOGRAFIA